Contemporary linear algebra
Αποθηκεύτηκε σε:
| Κύριος συγγραφέας: | |
|---|---|
| Άλλοι συγγραφείς: | |
| Μορφή: | Βιβλίο |
| Γλώσσα: | English |
| Δημοσίευση: |
New York :
Wiley,
c2003
|
| Θέματα: | |
| Ετικέτες: |
Προσθήκη ετικέτας
Δεν υπάρχουν, Καταχωρήστε ετικέτα πρώτοι!
|
MARC
| LEADER | 00000nam a2200000 i 4500 | ||
|---|---|---|---|
| 001 | 1/57931 | ||
| 008 | 071011s2003 eng d | ||
| 020 | |a 0-471-16362-7 | ||
| 035 | |l 10091400 | ||
| 040 | |a GR-MY-UA |b gre |e aacr | ||
| 041 | 0 | |a eng | |
| 082 | 0 | |a 512.5 |2 (22) | |
| 100 | 1 | |a Anton, Howard. | |
| 245 | 1 | 0 | |a Contemporary linear algebra / |c Howard Anton, Robert C. Busby |
| 260 | |a New York : |b Wiley, |c c2003 | ||
| 300 | |a xviii, 594, [40] σ.; |b εικ. (μερ. έγχρ.), 1 έγχρ. χάρτ.; |c 27 εκ. | ||
| 504 | |a Περιλαμβάνει ευρετήριο | ||
| 650 | 0 | 0 | |a Algebras, Linear. |
| 700 | 1 | |a Busby, Robert C. | |
| 852 | |a INST |b CHIOS |e 20071011 |h 512.5 ANT |p 005200028699 |q 005200028699 |t BK |y 0 | ||
| 901 | |a BIBL2-2007-3 | ||
| 909 | |a Χ |b 139603 | ||
| 922 | |a 2ΕΛΗ |b 200709 |c ΕΠΕΑΕΚ2/ΤΜΟΔ |d ΠΑΠΑΣΩΤΗΡΙΟΥ | ||
| 970 | |a ΒΑΡΦΗΣ |b ΒΑΓΓΕΛΗΣ |z 2007/10/11 | ||